000 00522nam a22001337a 4500
999 _c6949
_d6949
008 200408b ||||| |||| 00| 0 eng d
020 _a978-9987-815-57-5
100 _aFjeldstad ,Odd-Helge
245 _aLocal Govertnment Financial Management in Tanzania
_bEmpirical Evidence of Trends 2000-2007
_cOdd-Heige Fjeldstad,Lucas Katera Jumal Msami and Erasto Ngawela
_hEnglish
260 _aDar Es Salaam
_bResearch on Poverty Alleviation
_c2010
300 _axiii,48p.
_bIllustration
_c18cm
650 _2Repoa
942 _2ddc
_cBOOKS